| 000 | 00658nam a22001697a 4500 | ||
|---|---|---|---|
| 999 |
_c61788 _d61788 |
||
| 005 | 20240513112238.0 | ||
| 008 | 240513s1986 enk||||| |||| 00| 0 eng d | ||
| 041 | _aeng | ||
| 080 | _a616.6 Th-44 | ||
| 245 |
_aThe Urologic Clinics of North America: _bVolume 13/ Number 3 / _cEdited by J. A. Smith. |
||
| 264 |
_aPhiladelphia : _bW.B. Saunders Company, _c1986. |
||
| 300 |
_a562 p.: _bill.; _c17 cm. |
||
| 653 | _aჩრდილოეთ ამერიკის უროლოგიური კლინიკები | ||
| 653 | _aმედიცინა | ||
| 700 |
_aSmith, J. A. _eრედაქტორი _922059 |
||
| 942 |
_2udc _cᲬᲘᲒᲜᲘ |
||